| 000 | 00729nam a22002292 4500 | ||
|---|---|---|---|
| 001 | 45909 | ||
| 003 | BD-RjUL | ||
| 005 | 20211209054101.0 | ||
| 008 | 160728s1955 enka 000 0 eng | ||
| 035 |
_aOCLC ocm03725902 from D960823M _a(BD-RjUL)46027 |
||
| 040 |
_aDLC _cTKN _dDLC _dUKM _dEQO _dBD-RjUL _beng |
||
| 041 | _aeng | ||
| 082 |
_a371.732 _bRAO 1955 |
||
| 100 | 1 |
_aRandall, M. W. _q(Martin Willis) _9140396 |
|
| 245 | 1 | 0 |
_aObjectives of the physical education lesson / _cby M. W. Randall and W. K. Waine. |
| 260 |
_aLondon : _bG. Bell, _c1955. |
||
| 300 |
_a181 p. : _billus. ; _c19 cm. |
||
| 650 | 0 |
_aPhysical education and training. _9140397 |
|
| 700 | 1 |
_aWaine, W. K. _9140398 |
|
| 942 |
_2ddc _cBK |
||
| 999 |
_c45909 _d45909 |
||